=LDR 00000nam 2200000 4500 =001 INLIS000000000038797 =005 20130612144446 =008 ***********************************Ind** =035 ##$$a0010-061300000038797 =041 ##$$a Ind =082 ##$$a 641.2 =090 ##$$a 641.2, Uta j =100 ##$$a Utami, Prapti =245 ##$$a Jus untuk kecerdasan, kesehatan dan daya tahan tubuh anak/dr. Prapti Utami =260 ##$$a 2010 $b Jakarta =300 ##$$a 110 hlm., ilus., 24 cm =650 ##$$a Jus ( Mentimun ) - Resep =850 ##$$a NBPNMAT =990 ##$$a 21400613/BPAP-NTB/20142014